000 00864nam a2200229 a 4500
001 53188
003 BD-RjUL
005 20211209075925.0
008 161003s1956 ii ||||| |||| 00| 0 ben d
020 _c: IRs 4.00
035 _a(BD-RjUL)53308
040 _aBD-RjUL
_bben
_cBD-RjUL
041 _aben
082 _223
_a891.4409
_bRAS 1956
100 _aরায়, শিবনারায়ন
_9158992
245 1 0 _aসাহিত্য চিন্তা /
_cশিবনারায়ন রায়
260 _aকলিকাতা :
_bমিত্রালয়,
_c১৯৫৬ [?]
300 _a১৭৭ পৃ. ;
_c২১ সেমি.
650 _aবাংলা সাহিত্য
_xইতিহাস ও সমালোচনা
_9158993
650 _aBengali Literature
_xHistory & Criticism
_9158994
942 _2ddc
_cBK
999 _c53188
_d53188